[Event "POL-chT 2nd League"]
[Site "Sypniewo"]
[Date "2021.09.12"]
[Round "9.15"]
[White "Izbinski, Bartlomiej"]
[Black "Nadstoga, Wojciech"]
[Result "1-0"]
[WhiteElo "2270"]
[BlackElo "1941"]
[PlyCount "78"]
[EventDate "2021.09.04"]
[EventType "team-swiss"]
[EventRounds "9"]
[EventCountry "POL"]
[SourceTitle "CBM 204 Extra"]
[Source "ChessBase"]
[SourceDate "2021.11.30"]
[SourceVersion "1"]
[SourceVersionDate "2021.11.30"]
[SourceQuality "1"]
[WhiteTeam "Legnica Miedz II"]
[BlackTeam "Wolsztyn UKS Szach"]
[WhiteTeamCountry "POL"]
[BlackTeamCountry "POL"]

1. e4 d6 2. d4 Nf6 3. Nc3 g6 4. Be2 Bg7 5. h4 h5 6. Nh3 c6 7. Ng5 b5 8. a3 Qc7 9. f3 a6 10. Be3 Nbd7 11. Qd2 Bb7 12. g4 c5 13. dxc5 Nxc5 14. gxh5 Nxh5 15. Nd5 Qd8 16. 0-0-0 Rc8 17. Kb1 e6 18. Nf4 Nxf4 19. Bxf4 d5 20. Be3 Na4 21. exd5 Bxd5 22. Bd4 e5 23. Be3 Bb7 24. Qxd8+ Rxd8 25. Rxd8+ Kxd8 26. Nxf7+ Ke7 27. Nxh8 Bxh8 28. h5 gxh5 29. Rxh5 Bg7 30. Rh7 Kf6 31. Bh6 Bxh6 32. Rxh6+ Kg5 33. Rh7 Bd5 34. Rd7 Bc6 35. Rd6 Bb7 36. Kc1 Kf4 37. Bd1 Ke3 38. b3 Nc5 39. b4 Na4 1-0

[Event "POL-chT 2nd League"]
[Site "Sypniewo"]
[Date "2021.09.04"]
[Round "1.4"]
[White "Izbinski, Bartlomiej"]
[Black "Stysiak, Szymon"]
[Result "1/2-1/2"]
[WhiteElo "2270"]
[BlackElo "2193"]
[PlyCount "61"]
[EventDate "2021.09.04"]
[EventType "team-swiss"]
[EventRounds "9"]
[EventCountry "POL"]
[SourceTitle "CBM 204 Extra"]
[Source "ChessBase"]
[SourceDate "2021.11.30"]
[SourceVersion "1"]
[SourceVersionDate "2021.11.30"]
[SourceQuality "1"]
[WhiteTeam "Legnica Miedz II"]
[BlackTeam "Zory Roszada"]
[WhiteTeamCountry "POL"]
[BlackTeamCountry "POL"]

1. e4 e6 2. d4 d5 3. exd5 exd5 4. Nf3 Bg4 5. Bd3 Nc6 6. c3 Bd6 7. h3 Bh5 8. 0-0 Nge7 9. Re1 Qd7 10. Na3 a6 11. b4 Bg6 12. Bf1 0-0 13. b5 axb5 14. Nxb5 f6 15. Nh4 Rfe8 16. a4 Bf7 17. Bd3 g5 18. Nf3 Bg6 19. Bf1 Na5 20. Nxd6 Qxd6 21. Ba3 Qd7 22. Nd2 Kg7 23. Nb3 b6 24. Nxa5 bxa5 25. Ra2 Nf5 26. Rxe8 Rxe8 27. Rb2 c6 28. Bc5 Nd6 29. f3 Nc4 30. Re2 Nd6 31. Rb2 1/2-1/2

[Event "Legnica"]
[Site "Legnica"]
[Date "2004.12.09"]
[Round "9"]
[White "Stopa, Jacek"]
[Black "Izbinski, Bartlomiej"]
[Result "1-0"]
[WhiteElo "2308"]
[BlackElo "2289"]
[PlyCount "155"]
[EventDate "2004.12.03"]
[EventType "tourn"]
[EventRounds "9"]
[EventCountry "POL"]
[EventCategory "8"]
[SourceTitle "CBM 103 Extra"]
[Source "ChessBase"]
[SourceDate "2005.01.01"]
[SourceVersion "1"]
[SourceVersionDate "2005.01.01"]
[SourceQuality "1"]

1. e4 c5 2. Nf3 Nc6 3. Bb5 g6 4. 0-0 Bg7 5. Re1 Nf6 6. c3 0-0 7. h3 d6 8. d4 cxd4 9. cxd4 a6 10. Bf1 d5 11. e5 Ne4 12. Nc3 Nxc3 13. bxc3 Na5 14. Nh2 Qc7 15. Re3 Nc4 16. Rg3 f6 17. Qf3 Qc6 18. exf6 exf6 19. Ng4 Bxg4 20. hxg4 Rfe8 21. Bf4 Re6 22. Rh3 Rae8 23. g5 Re1 24. Rxe1 Rxe1 25. gxf6 Bxf6 26. Bh6 Bg7 27. Qf4 Bxh6 28. Qxh6 Qd7 29. Rf3 Qe7 30. g3 g5 31. Rf5 Nd2 32. Rxg5+ Kh8 33. Rf5 Rxf1+ 34. Kh2 Rh1+ 35. Kxh1 Qe4+ 36. Kh2 Nf1+ 37. Kg1 Qxf5 38. Kxf1 Kg8 39. Qd2 Qe4 40. Kg1 a5 41. Kh2 Qf5 42. Qe2 Qc8 43. Qe5 Qc6 44. Kg2 a4 45. Kh3 a3 46. Qb8+ Kg7 47. Qa7 Qd7+ 48. Kg2 Qe7 49. Qc5 Qe4+ 50. Kh2 Qf3 51. Qe7+ Kg6 52. Qe6+ Kg7 53. Qe5+ Kg6 54. Kg1 b5 55. Qe8+ Kg7 56. Qxb5 Qe4 57. Qb7+ Kg6 58. Qa6+ Kh5 59. Qxa3 Qe1+ 60. Kg2 Qe4+ 61. Kh2 Qc2 62. Qf8 Qxa2 63. Qf6 Qb1 64. Qe5+ Kg6 65. Qe6+ Kg7 66. Qxd5 Qc2 67. Qe5+ Kg6 68. Qe3 h5 69. Kg2 h4 70. gxh4 Qb3 71. Qg3+ Kh7 72. Qc7+ Kh6 73. c4 Qd3 74. Qf4+ Kh7 75. d5 Qg6+ 76. Kh2 Kh8 77. c5 Qf7 78. Qh6+ 1-0

[Event "Legnica"]
[Site "Legnica"]
[Date "2004.12.08"]
[Round "8"]
[White "Izbinski, Bartlomiej"]
[Black "Laznicka, Viktor"]
[Result "0-1"]
[WhiteElo "2289"]
[BlackElo "2478"]
[PlyCount "68"]
[EventDate "2004.12.03"]
[EventType "tourn"]
[EventRounds "9"]
[EventCountry "POL"]
[EventCategory "8"]
[SourceTitle "CBM 103 Extra"]
[Source "ChessBase"]
[SourceDate "2005.01.01"]
[SourceVersion "1"]
[SourceVersionDate "2005.01.01"]
[SourceQuality "1"]

1. e4 c5 2. Nf3 Nc6 3. d4 cxd4 4. Nxd4 Qb6 5. Nb3 Nf6 6. Nc3 e6 7. Be3 Qc7 8. Bd3 d6 9. 0-0 a6 10. Re1 Be7 11. Ne2 0-0 12. c4 Ne5 13. Rc1 b6 14. f3 Bb7 15. Nbd4 Rac8 16. b3 Kh8 17. Bb1 Rg8 18. Nc3 g5 19. Kh1 Rg6 20. Nde2 Rcg8 21. Qd4 Nfd7 22. Red1 R8g7 23. Na4 Nc5 24. Nb2 Rh6 25. b4 d5 26. Bg1 dxe4 27. fxe4 Ng4 28. e5 Nxe5 29. Qf2 Ncd7 30. Qg3 f5 31. Rxd7 Qxd7 32. Qxe5 Bf6 33. Qb8+ Rg8 34. Rd1 Bxg2+ 0-1

[Event "Legnica"]
[Site "Legnica"]
[Date "2004.12.05"]
[Round "4"]
[White "Izbinski, Bartlomiej"]
[Black "Czakon, Jakub"]
[Result "1/2-1/2"]
[WhiteElo "2289"]
[BlackElo "2416"]
[PlyCount "43"]
[EventDate "2004.12.03"]
[EventType "tourn"]
[EventRounds "9"]
[EventCountry "POL"]
[EventCategory "8"]
[SourceTitle "CBM 103 Extra"]
[Source "ChessBase"]
[SourceDate "2005.01.01"]
[SourceVersion "1"]
[SourceVersionDate "2005.01.01"]
[SourceQuality "1"]

1. e4 c5 2. Nf3 d6 3. Bb5+ Bd7 4. Bxd7+ Qxd7 5. 0-0 Nc6 6. Re1 Nf6 7. c3 e6 8. d4 cxd4 9. Nxd4 Be7 10. Bg5 0-0 11. Na3 Rac8 12. Nac2 h6 13. Bh4 Rfd8 14. Qe2 a6 15. Rad1 b5 16. Nxc6 Qxc6 17. a3 Qb7 18. Rd3 Rc4 19. Bxf6 Bxf6 20. f3 Be7 21. Red1 Rdc8 22. Kf1 1/2-1/2

[Event "Legnica"]
[Site "Legnica"]
[Date "2004.12.04"]
[Round "2"]
[White "Lanka, Zigurds"]
[Black "Izbinski, Bartlomiej"]
[Result "1-0"]
[WhiteElo "2455"]
[BlackElo "2289"]
[PlyCount "83"]
[EventDate "2004.12.03"]
[EventType "tourn"]
[EventRounds "9"]
[EventCountry "POL"]
[EventCategory "8"]
[SourceTitle "CBM 103 Extra"]
[Source "ChessBase"]
[SourceDate "2005.01.01"]
[SourceVersion "1"]
[SourceVersionDate "2005.01.01"]
[SourceQuality "1"]

1. e4 d6 2. d4 Nf6 3. Nc3 e5 4. Nf3 Nbd7 5. Bc4 Be7 6. 0-0 0-0 7. Re1 c6 8. a4 b6 9. b3 Bb7 10. Bb2 Rc8 11. Bd3 Qc7 12. Ne2 Rfe8 13. Ng3 Bf8 14. c3 Rcd8 15. b4 a6 16. Qb3 Nb8 17. a5 b5 18. Rac1 c5 19. dxc5 dxc5 20. c4 Bc6 21. Bb1 bxc4 22. Qxc4 Bb5 23. Qc3 Nc6 24. bxc5 Nd7 25. Qe3 Nxa5 26. Ba2 h6 27. Ba3 Nf6 28. Rc3 Nc6 29. Nf5 Ng4 30. Qc1 Nd4 31. N3xd4 exd4 32. Rg3 d3 33. Qd2 Bd7 34. Nd6 Bxd6 35. cxd6 Qa7 36. h3 Ne5 37. Qxh6 Bg4 38. Qf4 d2 39. Qxd2 Be6 40. Kh2 Bxa2 41. Qxa2 Qd4 42. Qe2 1-0

[Event "POL-chT 59th"]
[Site "Lubniewice"]
[Date "2003.09.07"]
[Round "9"]
[White "Izbinski, Bartlomiej"]
[Black "Bobras, Piotr"]
[Result "0-1"]
[WhiteElo "2303"]
[BlackElo "2462"]
[PlyCount "88"]
[EventDate "2003.08.30"]
[EventType "team-tourn"]
[EventRounds "9"]
[EventCountry "POL"]
[SourceTitle "EXT 2019"]
[Source "ChessBase"]
[SourceDate "2018.10.10"]
[SourceVersion "1"]
[SourceVersionDate "2018.10.10"]
[SourceQuality "1"]
[WhiteTeam "Legnica Miedz"]
[BlackTeam "Jaworzno JKSz MCKiS"]
[WhiteTeamCountry "POL"]
[BlackTeamCountry "POL"]

1. e4 c5 2. Nf3 d6 3. d4 cxd4 4. Nxd4 Nf6 5. Nc3 a6 6. a4 e6 7. Be2 Nc6 8. Nb3 b6 9. 0-0 Be7 10. Be3 Bb7 11. f4 0-0 12. Kh1 Qc7 13. Bd3 Nb4 14. Qe2 Rab8 15. Nd4 Rfd8 16. Bg1 Nd7 17. Rf3 Bf8 18. Rh3 g6 19. f5 exf5 20. exf5 Nxd3 21. cxd3 Re8 22. Qf2 Bg7 23. Rf1 Nf6 24. Qh4 Re5 25. fxg6 hxg6 26. Qf2 Rbe8 27. Nf3 Rc5 28. Qc2 Rf5 29. Qb3 Nd5 30. Ne4 Nf4 31. Bxb6 Qb8 32. Rh4 Bd5 33. Qb4 Nxd3 34. Qd2 Bxe4 35. Rxe4 Rxe4 36. Qxd3 Rxa4 37. Bg1 Qb5 38. Qd1 d5 39. Re1 Re4 40. Rxe4 dxe4 41. Qd8+ Bf8 42. Nd4 Qd5 43. Qc8 Rf1 44. Nc6 Qc5 0-1

[Event "POL-chT 59th"]
[Site "Lubniewice"]
[Date "2003.09.05"]
[Round "7"]
[White "Izbinski, Bartlomiej"]
[Black "Barglowski, Filip"]
[Result "1/2-1/2"]
[WhiteElo "2303"]
[BlackElo "2318"]
[PlyCount "45"]
[EventDate "2003.08.30"]
[EventType "team-tourn"]
[EventRounds "9"]
[EventCountry "POL"]
[SourceTitle "EXT 2019"]
[Source "ChessBase"]
[SourceDate "2018.10.10"]
[SourceVersion "1"]
[SourceVersionDate "2018.10.10"]
[SourceQuality "1"]
[WhiteTeam "Legnica Miedz"]
[BlackTeam "Gorzow Wielkopolski Stilon"]
[WhiteTeamCountry "POL"]
[BlackTeamCountry "POL"]

1. e4 e5 2. Nf3 Nc6 3. Nc3 Nf6 4. d4 exd4 5. Nxd4 Bb4 6. Nxc6 bxc6 7. Bd3 d5 8. exd5 cxd5 9. 0-0 0-0 10. Bg5 c6 11. Qf3 h6 12. Bxf6 Qxf6 13. Qxf6 gxf6 14. Na4 a5 15. Rfd1 Be6 16. Rac1 Rfd8 17. b3 Ba3 18. Rb1 Rab8 19. Kf1 d4 20. Bc4 Bf5 21. Bd3 Be6 22. Bc4 Bf5 23. Bd3 1/2-1/2

[Event "POL-chT 59th"]
[Site "Lubniewice"]
[Date "2003.09.01"]
[Round "3"]
[White "Izbinski, Bartlomiej"]
[Black "Antoniewski, Rafal"]
[Result "1-0"]
[WhiteElo "2303"]
[BlackElo "2499"]
[PlyCount "63"]
[EventDate "2003.08.30"]
[EventType "team-tourn"]
[EventRounds "9"]
[EventCountry "POL"]
[SourceTitle "EXT 2019"]
[Source "ChessBase"]
[SourceDate "2018.10.10"]
[SourceVersion "1"]
[SourceVersionDate "2018.10.10"]
[SourceQuality "1"]
[WhiteTeam "Legnica Miedz"]
[BlackTeam "Lublin UMCS"]
[WhiteTeamCountry "POL"]
[BlackTeamCountry "POL"]

1. e4 c6 2. c4 d5 3. exd5 cxd5 4. cxd5 Nf6 5. Nc3 g6 6. Bc4 Bg7 7. Nge2 0-0 8. 0-0 Na6 9. h3 Nc7 10. Qb3 Nfe8 11. d3 Nd6 12. a4 b6 13. Ne4 Nf5 14. Bf4 Bb7 15. N4c3 Qd7 16. a5 e5 17. dxe6 Nxe6 18. axb6 Nfd4 19. Bxe6 Nxe6 20. bxa7 Kh8 21. Be3 f5 22. Nf4 Nxf4 23. Bxf4 Bc6 24. Rfe1 Rfe8 25. Rxe8+ Rxe8 26. Qb8 Ba8 27. Re1 Rc8 28. Be5 Qc6 29. Bxg7+ Kxg7 30. f3 Qc5+ 31. Kf1 Kf6 32. Nb5 1-0

[Event "POL-chT 59th"]
[Site "Lubniewice"]
[Date "2003.08.31"]
[Round "2"]
[White "Wojtaszek, Radoslaw"]
[Black "Izbinski, Bartlomiej"]
[Result "1/2-1/2"]
[WhiteElo "2462"]
[BlackElo "2303"]
[PlyCount "70"]
[EventDate "2003.08.30"]
[EventType "team-tourn"]
[EventRounds "9"]
[EventCountry "POL"]
[SourceTitle "EXT 2019"]
[Source "ChessBase"]
[SourceDate "2018.10.10"]
[SourceVersion "1"]
[SourceVersionDate "2018.10.10"]
[SourceQuality "1"]
[WhiteTeam "Plock PTSz"]
[BlackTeam "Legnica Miedz"]
[WhiteTeamCountry "POL"]
[BlackTeamCountry "POL"]

1. e4 d6 2. d4 Nf6 3. Nc3 e5 4. Nf3 Nbd7 5. Bc4 Be7 6. 0-0 0-0 7. Qe2 c6 8. a4 b6 9. Rd1 Qc7 10. Ba2 Bb7 11. dxe5 dxe5 12. Nh4 Nc5 13. Nf5 Rfd8 14. Bg5 Rxd1+ 15. Rxd1 Rd8 16. Rxd8+ Qxd8 17. Qf3 Bc8 18. h3 Be6 19. Bxe6 Nxe6 20. Bh4 Nf4 21. Bg3 Ng6 22. Nxe7+ Qxe7 23. Qf5 Nd7 24. b3 Qd6 25. Qg5 Qd4 26. Qe3 Qxe3 27. fxe3 a6 28. Kf2 Kf8 29. Kf3 Ke7 30. Be1 Ke6 31. g3 h5 32. Na2 Ngf8 33. Nb4 Nb8 34. Nd3 Nbd7 35. Nb4 Nb8 1/2-1/2

[Event "Rail 4 countries 20th"]
[Site "Ludwigshafen"]
[Date "2003.05.31"]
[Round "2.1"]
[White "Zanetti, Bruno"]
[Black "Izbinski, Bartlomiej"]
[Result "0-1"]
[WhiteElo "2074"]
[BlackElo "2303"]
[PlyCount "78"]
[EventDate "2003.05.30"]
[EventType "team-tourn"]
[EventRounds "3"]
[EventCountry "GER"]
[SourceTitle "EXT 2004"]
[Source "ChessBase"]
[SourceDate "2003.11.25"]
[SourceVersion "1"]
[SourceVersionDate "2003.11.25"]
[SourceQuality "1"]

1. d4 d6 2. c4 Nf6 3. Nc3 c6 4. e4 e5 5. d5 cxd5 6. cxd5 Be7 7. Nge2 0-0 8. Ng3 Nbd7 9. Be2 a5 10. 0-0 Nc5 11. Be3 b6 12. f3 Ne8 13. Qd2 f5 14. f4 exf4 15. Bxc5 fxg3 16. Bd4 gxh2+ 17. Kxh2 fxe4 18. Nxe4 Nf6 19. Nc3 Bd7 20. Bd3 Ng4+ 21. Kg1 Bf6 22. Bxf6 Rxf6 23. Rxf6 Qxf6 24. Rf1 Qh4 25. Qf4 Qf6 26. Qxf6 Nxf6 27. Nb5 Bxb5 28. Bxb5 Rc8 29. Bc6 Kf7 30. a4 Kg6 31. b4 Ng4 32. bxa5 bxa5 33. Rb1 Rc7 34. Rb5 Ra7 35. Rb8 Kf6 36. Re8 Re7 37. Rf8+ Ke5 38. Ra8 Kf4 39. Kf1 Kg3 0-1

[Event "POL-chT 58th"]
[Site "Lubniewice"]
[Date "2002.09.08"]
[Round "9"]
[White "Socko, Bartosz"]
[Black "Izbinski, Bartlomiej"]
[Result "1/2-1/2"]
[WhiteElo "2562"]
[BlackElo "2266"]
[PlyCount "59"]
[EventDate "2002.08.31"]
[EventType "team-tourn"]
[EventRounds "9"]
[EventCountry "POL"]
[SourceTitle "EXT 2019"]
[Source "ChessBase"]
[SourceDate "2018.10.10"]
[SourceVersion "1"]
[SourceVersionDate "2018.10.10"]
[SourceQuality "1"]
[WhiteTeam "Warszawa Polonia"]
[BlackTeam "Legnica Miedz"]
[WhiteTeamCountry "POL"]
[BlackTeamCountry "POL"]

1. e4 c5 2. Nf3 Nc6 3. Bb5 g6 4. Bxc6 dxc6 5. d3 Bg7 6. h3 Nf6 7. Nc3 0-0 8. Be3 b6 9. Qd2 e5 10. Bh6 Qe7 11. Bxg7 Kxg7 12. 0-0 Nh5 13. Ne2 Ba6 14. b3 Rae8 15. Rae1 Bc8 16. Nh2 g5 17. Ng4 Nf4 18. Ng3 f6 19. Ne3 Kh8 20. Ngf5 Qc7 21. Qd1 Ne6 22. Ng3 Rd8 23. Kh1 Qf7 24. Qh5 Qg6 25. a4 Nf4 26. Qd1 Rf7 27. Ngf5 h5 28. Kh2 Kh7 29. Qd2 Ne6 30. b4 1/2-1/2

[Event "POL-chT2 South"]
[Site "Ustron"]
[Date "2001.09.??"]
[Round "?"]
[White "Izbinski, Bartlomiej"]
[Black "Denderski, Piotr"]
[Result "1-0"]
[WhiteElo "2256"]
[BlackElo "2062"]
[PlyCount "95"]
[EventDate "2001.09.14"]
[EventType "team-swiss"]
[EventRounds "10"]
[EventCountry "POL"]
[SourceTitle "EXT 2019"]
[Source "ChessBase"]
[SourceDate "2018.10.10"]
[SourceVersion "1"]
[SourceVersionDate "2018.10.10"]
[SourceQuality "1"]
[WhiteTeam "Legnica Miedz"]
[WhiteTeamCountry "POL"]

1. e4 c5 2. Nf3 Nc6 3. d4 cxd4 4. Nxd4 Nf6 5. Nc3 d6 6. Bc4 e6 7. 0-0 Be7 8. Nb3 0-0 9. f4 a6 10. Qf3 Qc7 11. Bd3 Bd7 12. Bd2 b5 13. Rae1 Rfd8 14. Kh1 b4 15. Ne2 e5 16. Ng3 a5 17. Nf5 Bxf5 18. exf5 a4 19. Nc1 Nd4 20. Qd1 Rab8 21. c3 bxc3 22. bxc3 Nb5 23. c4 Nd4 24. Qxa4 Ra8 25. Qd1 Ra3 26. Bb4 Raa8 27. a3 Nc6 28. Qe2 Nxb4 29. axb4 Qb8 30. c5 dxc5 31. fxe5 cxb4 32. exf6 Bxf6 33. Bc4 Bc3 34. Rd1 Re8 35. Qh5 Qc7 36. Bd5 Rad8 37. Nb3 Bf6 38. Rc1 Qa7 39. Bc4 Re4 40. Qf3 Re7 41. Qh3 h6 42. Rfe1 Rc7 43. Qg4 Qa3 44. Qg3 Rcd7 45. Re4 Qb2 46. Rce1 Kh7 47. Nc5 Rd4 48. Bxf7 1-0

[Event "POL-chT2 South"]
[Site "Ustron"]
[Date "2001.09.??"]
[Round "?"]
[White "Izbinski, Bartlomiej"]
[Black "Tworuszka, Michal"]
[Result "0-1"]
[WhiteElo "2256"]
[BlackElo "2227"]
[PlyCount "66"]
[EventDate "2001.09.14"]
[EventType "team-swiss"]
[EventRounds "10"]
[EventCountry "POL"]
[SourceTitle "EXT 2019"]
[Source "ChessBase"]
[SourceDate "2018.10.10"]
[SourceVersion "1"]
[SourceVersionDate "2018.10.10"]
[SourceQuality "1"]
[WhiteTeam "Legnica Miedz"]
[WhiteTeamCountry "POL"]

1. e4 c6 2. d4 d5 3. exd5 cxd5 4. Bd3 Nc6 5. c3 g6 6. Ne2 Nh6 7. Ng3 Bg7 8. Bf4 f6 9. h4 Nf7 10. h5 e5 11. hxg6 hxg6 12. Rxh8+ Bxh8 13. dxe5 fxe5 14. Be3 Qf6 15. Na3 a6 16. Qb3 Qe6 17. 0-0-0 b5 18. Bc5 Na5 19. Qb4 Nb7 20. Rh1 Bd7 21. Be3 e4 22. Bb1 Rc8 23. Nc2 a5 24. Qa3 Be5 25. Nd4 Qf6 26. Kd2 Nbd6 27. Ke2 Bg4+ 28. Ke1 Nc4 29. Qb3 Nxe3 30. Nxe4 Nxg2+ 31. Kf1 dxe4 32. Rh7 Kf8 33. Kxg2 Bxd4 0-1

[Event "POL-chT2 South"]
[Site "Ustron"]
[Date "2001.09.??"]
[Round "?"]
[White "Murawski, Grzegorz"]
[Black "Izbinski, Bartlomiej"]
[Result "1-0"]
[WhiteElo "2317"]
[BlackElo "2256"]
[PlyCount "101"]
[EventDate "2001.09.14"]
[EventType "team-swiss"]
[EventRounds "10"]
[EventCountry "POL"]
[SourceTitle "EXT 2019"]
[Source "ChessBase"]
[SourceDate "2018.10.10"]
[SourceVersion "1"]
[SourceVersionDate "2018.10.10"]
[SourceQuality "1"]
[WhiteTeam "Kozuchow Odrodzenie"]
[BlackTeam "Legnica Miedz"]
[WhiteTeamCountry "POL"]
[BlackTeamCountry "POL"]

1. e4 Nf6 2. e5 Nd5 3. d4 d6 4. Nf3 dxe5 5. Nxe5 c6 6. Bc4 Nd7 7. Nxd7 Bxd7 8. 0-0 e6 9. Nd2 Nf6 10. Nf3 Bd6 11. Re1 Qc7 12. Ne5 0-0 13. Bg5 Nd5 14. Qg4 f5 15. Qg3 Rae8 16. Bb3 Bc8 17. c4 Nf6 18. Bxf6 Rxf6 19. c5 f4 20. Qf3 Bf8 21. Qg4 g6 22. Re4 Bg7 23. Rxf4 Rxf4 24. Qxf4 Rf8 25. Qe4 Kh8 26. Re1 b6 27. cxb6 axb6 28. h3 c5 29. Qh4 Kg8 30. Qg4 Rf5 31. Nf3 c4 32. Bc2 Rd5 33. Ne5 b5 34. Qf4 Qa7 35. Be4 Bxe5 36. dxe5 Qd4 37. Qf3 Qxe5 38. Kf1 Rd8 39. Bxg6 Qg7 40. Be4 Qxb2 41. Bxh7+ Kh8 42. Qh5 Qf6 43. Bb1+ Kg7 44. Re3 Bb7 45. Qh7+ Kf8 46. Qxb7 Rd1+ 47. Ke2 Rd2+ 48. Kxd2 Qxf2+ 49. Kd1 Qxe3 50. Qf3+ Qxf3+ 51. gxf3 1-0

[Event "POL-chT2 South"]
[Site "Ustron"]
[Date "2001.09.??"]
[Round "?"]
[White "Wieczorek, Zbigniew"]
[Black "Izbinski, Bartlomiej"]
[Result "1-0"]
[WhiteElo "2294"]
[BlackElo "2256"]
[PlyCount "59"]
[EventDate "2001.09.14"]
[EventType "team-swiss"]
[EventRounds "10"]
[EventCountry "POL"]
[SourceTitle "EXT 2019"]
[Source "ChessBase"]
[SourceDate "2018.10.10"]
[SourceVersion "1"]
[SourceVersionDate "2018.10.10"]
[SourceQuality "1"]
[BlackTeam "Legnica Miedz"]
[BlackTeamCountry "POL"]

1. d4 d5 2. c4 e6 3. Nc3 Be7 4. Nf3 Nf6 5. Bg5 0-0 6. Qc2 Re8 7. e3 Nbd7 8. cxd5 exd5 9. Bxf6 Nxf6 10. Bd3 c6 11. Ne5 Bd6 12. f4 c5 13. 0-0 cxd4 14. exd4 Qb6 15. Qf2 Re7 16. Kh1 Bd7 17. Rad1 Bc6 18. Qc2 Rae8 19. Rf3 g6 20. Rg3 Nh5 21. Rf3 f6 22. Bxg6 hxg6 23. Qxg6+ Rg7 24. Qxh5 fxe5 25. fxe5 Qxb2 26. Rg1 Bf8 27. Rh3 Ree7 28. Qh8+ Kf7 29. Rf3+ Ke6 30. Qh3+ 1-0

[Event "EU-chT Railways USIC"]
[Site "Dresden"]
[Date "2000.06.24"]
[Round "7.2"]
[White "Trescher, Manfred"]
[Black "Izbinski, Bartlomiej"]
[Result "0-1"]
[WhiteElo "2194"]
[BlackElo "2218"]
[PlyCount "126"]
[EventDate "2000.06.19"]
[EventType "team-swiss"]
[EventRounds "7"]
[EventCountry "GER"]
[SourceTitle "EXT 2002"]
[Source "ChessBase"]
[SourceDate "2001.11.25"]
[SourceVersion "1"]
[SourceVersionDate "2001.11.25"]
[SourceQuality "1"]
[WhiteTeam "Germany (USIC)"]
[BlackTeam "Poland (USIC)"]
[WhiteTeamCountry "GER"]
[BlackTeamCountry "POL"]

1. e4 c5 2. Nf3 Nc6 3. Bb5 g6 4. 0-0 Bg7 5. c3 Nf6 6. Re1 0-0 7. d3 a6 8. Ba4 b5 9. Bb3 d5 10. e5 Ne8 11. d4 cxd4 12. cxd4 Bg4 13. Be3 e6 14. Nbd2 Na5 15. h3 Bxf3 16. Nxf3 Nc4 17. Qe2 Nc7 18. Rec1 Qd7 19. Bd1 Rfc8 20. a4 Ne8 21. b3 Nxe3 22. Qxe3 Bf8 23. axb5 axb5 24. Rxa8 Rxa8 25. Ne1 Ra2 26. Nd3 Ba3 27. Rc2 Rxc2 28. Bxc2 Qc6 29. Nc5 Nc7 30. Bd3 Bxc5 31. dxc5 Na6 32. Qe2 Qxc5 33. Bxb5 Nb4 34. g3 h5 35. h4 Qc3 36. Qe3 d4 37. Qf4 Nd5 38. Qe4 Qxb3 39. Qd3 Qc3 40. Kf1 Qa1+ 41. Kg2 Nb4 42. Qf3 Qc3 43. Be8 Qc7 44. Qe4 Qd8 45. Bb5 Qb6 46. Bc4 Kf8 47. g4 hxg4 48. Kg3 Qc5 49. Qe2 d3 50. Qxg4 Qxe5+ 51. Kg2 Nd5 52. Bb3 Qe2 53. Qd4 Qh5 54. Kg3 Qf5 55. Bc4 d2 56. Qxd2 Nf6 57. Qd8+ Kg7 58. Bd3 Qg4+ 59. Kh2 Qxh4+ 60. Kg1 Qg4+ 61. Kf1 Qd1+ 62. Kg2 e5 63. f3 Nh5 0-1

[Event "EU-chT Railways USIC"]
[Site "Dresden"]
[Date "2000.06.22"]
[Round "4.2"]
[White "Buchner, Martin"]
[Black "Izbinski, Bartlomiej"]
[Result "1/2-1/2"]
[WhiteElo "2121"]
[BlackElo "2218"]
[PlyCount "86"]
[EventDate "2000.06.19"]
[EventType "team-swiss"]
[EventRounds "7"]
[EventCountry "GER"]
[SourceTitle "EXT 2002"]
[Source "ChessBase"]
[SourceDate "2001.11.25"]
[SourceVersion "1"]
[SourceVersionDate "2001.11.25"]
[SourceQuality "1"]
[WhiteTeam "Austria (USIC)"]
[BlackTeam "Poland (USIC)"]
[WhiteTeamCountry "AUT"]
[BlackTeamCountry "POL"]

1. e4 c5 2. Nf3 Nc6 3. d4 cxd4 4. Nxd4 g6 5. c4 Nf6 6. Nc3 Nxd4 7. Qxd4 d6 8. Be2 Bg7 9. Qd2 0-0 10. 0-0 Be6 11. Rb1 Qa5 12. b3 Qe5 13. Bb2 Qa5 14. Rfd1 Rfc8 15. Nd5 Qxd2 16. Rxd2 Bxd5 17. exd5 Ne4 18. Rd3 Bxb2 19. Rxb2 Rc7 20. Re3 Nf6 21. h3 a5 22. a4 Kf8 23. g4 Nd7 24. g5 Nc5 25. h4 f6 26. Bd1 Re8 27. Rbe2 f5 28. Bc2 e5 29. dxe6 Rce7 30. Rd2 Rxe6 31. Rxe6 Rxe6 32. Kf1 Ke7 33. Re2 Re5 34. f4 Rxe2 35. Kxe2 d5 36. Ke3 Kd6 37. h5 dxc4 38. bxc4 Ne6 39. h6 Nf8 40. Kd4 Ne6+ 41. Ke3 Nf8 42. Kd4 Ne6+ 43. Ke3 Nf8 1/2-1/2

[Event "POL-chT 2nd div South"]
[Site "Polanica Zdroj"]
[Date "1999.??.??"]
[Round "10"]
[White "Najbar, Marcin"]
[Black "Izbinski, Bartlomiej"]
[Result "1/2-1/2"]
[WhiteElo "2214"]
[BlackElo "2208"]
[PlyCount "82"]
[EventDate "1999.09.17"]
[EventType "team-swiss"]
[EventRounds "10"]
[EventCountry "POL"]
[SourceTitle "EXT 2001"]
[Source "ChessBase"]
[SourceDate "2000.11.22"]
[SourceVersion "1"]
[SourceVersionDate "2000.11.22"]
[SourceQuality "1"]
[WhiteTeam "POL-chT 2nd div South 12"]
[BlackTeam "POL-chT 2nd div South 25"]
[WhiteTeamCountry "POL"]
[BlackTeamCountry "POL"]

1. e4 c5 2. Nf3 Nc6 3. d4 cxd4 4. Nxd4 g6 5. Nc3 Bg7 6. Be3 Nf6 7. Bc4 0-0 8. Bb3 a5 9. a4 d5 10. exd5 Nb4 11. Ndb5 Bf5 12. 0-0 Rc8 13. f3 Ne8 14. Rf2 Nd6 15. Qf1 Bd7 16. Rb1 Re8 17. Rd2 Nf5 18. Bf2 Bh6 19. Re2 Nd6 20. Nxd6 exd6 21. Rbe1 Bg7 22. Rxe8+ Bxe8 23. Qe2 Na6 24. Bc4 Nc5 25. Bb5 Bxc3 26. bxc3 Bxb5 27. Qxb5 Qd7 28. Qxa5 Qxa4 29. Qb4 Qxc2 30. Bxc5 dxc5 31. Qxb7 Rf8 32. d6 Qxc3 33. Rd1 Re8 34. Qb1 c4 35. d7 Qe3+ 36. Kh1 Rd8 37. h3 c3 38. Qc2 Qc5 39. Rd3 Qc7 40. Qxc3 Qxc3 41. Rxc3 Rxd7 1/2-1/2

[Event "POL-chT 2nd div South"]
[Site "Polanica Zdroj"]
[Date "1999.??.??"]
[Round "4"]
[White "Tomaszewski, Roman"]
[Black "Izbinski, Bartlomiej"]
[Result "0-1"]
[WhiteElo "2345"]
[BlackElo "2208"]
[PlyCount "40"]
[EventDate "1999.09.17"]
[EventType "team-swiss"]
[EventRounds "10"]
[EventCountry "POL"]
[SourceTitle "EXT 2001"]
[Source "ChessBase"]
[SourceDate "2000.11.22"]
[SourceVersion "1"]
[SourceVersionDate "2000.11.22"]
[SourceQuality "1"]
[WhiteTeam "POL-chT 2nd div South 26"]
[BlackTeam "POL-chT 2nd div South 25"]
[WhiteTeamCountry "POL"]
[BlackTeamCountry "POL"]

1. c4 c5 2. Nc3 Nc6 3. g3 g6 4. Bg2 Bg7 5. d3 Nf6 6. Bd2 0-0 7. Qc1 Re8 8. Bh6 Bh8 9. Nf3 d6 10. h3 Bd7 11. 0-0 Nd4 12. Kh2 Bc6 13. e4 Nxf3+ 14. Bxf3 Nd7 15. Bg2 Bg7 16. Rb1 a5 17. b3 Nf8 18. Bxg7 Kxg7 19. f4 Ne6 20. f5 Nd4 0-1